000 00307nam a22001457a 4500
008 210507b ||||| |||| 00| 0 eng d
020 _a9780026442220
041 _aeng
080 _a338
082 _a338
100 _a54
101 _aMEN
245 _aBusiness Management
_cRue,L.W
942 _2udc
_cBK
999 _c57116
_d57116